000 00658nam a2200217Ia 4500
003 OSt
005 20220923225312.0
006 a|||||r|||| 00| 0
007 ta
008 220922b |||||||| |||| 00| 0 hin d
024 _a262,293
037 _cTextual
040 _aARTS
_cARTS
_bhin
041 _2hin
_ahin
082 _aY:4, 152L7
245 0 _aरचनात्मक कार्य नये संदर्भ में स्वरूप और संयोजना
246 _aRachanātmak kārya naye sandarbha mean svarūp aur sanyojanā
260 _c1977
942 _hY:4, 152L7
_cTEXL
_2CC
999 _c377369
_d377369